Statistics for Most common last names in the Netherlands

Click here to take the quiz!

General Stats

  • This quiz has been taken 223 times
  • The average score is 8 of 50

Answer Stats

Rank Name % Correct
7Janssen
72%
2Jansen
72%
1de Jong
67%
3de Vries
61%
9Smit
46%
11de Boer
38%
6Bakker
34%
5van Dijk
34%
4van de/ den/ der Berg
31%
8Visser
27%
21de Wit
21%
13de Groot
16%
32van de/der Veen
15%
25van der Meer
15%
35de Bruin
14%
12Mulder
14%
14Bos
14%
16Peters
14%
46van Dam
12%
39Willems
12%
38van Beek
10%
10Meijer/Meyer
9%
34de Bruijn/Bruyn
9%
15Vos
9%
23Smits
8%
31van den Heuvel
8%
22Dijkstra
7%
24de Graaf
7%
42Hoekstra
7%
27Kok
7%
29de Haan
7%
41van de/der Ven
5%
17Hendriks
5%
43Maas
5%
28Jacobs
5%
47van de/der Wal
5%
20Brouwer
5%
48Prins
4%
26van der Linden
4%
40van Vliet
4%
33van den Broek
4%
18van Leeuwen
4%
50Huisman
4%
44Verhoeven
3%
45Koster
3%
30Vermeulen
3%
37Schouten
2%
36van der Heijden/Heyden
2%
19Dekker
2%
49Blom
2%

Score Distribution

Percentile by Number Answered

Percent of People with Each Score

Your Score History

You have not taken this quiz